000 02206 a2200229 4500
001 41107
005 20260407155705.0
008 260407a2001 arg spa d
003 AR-UNSa-BCEJYS
040 _aAR-UNSa-BCEJYS
_bspa
_cAR-UNSa-BCEJYS
080 _a349.2
_xDerecho del Trabajo
245 1 0 _aRégimen internacional del trabajo
_pla OIT en la política mundial
020 _a950-894-278-9
264 1 _aBuenos Aires :
_bAD-HOC
_c2001
300 _a414 p.
_c23 cm.
505 _aPARTE PRIMERA: Las condiciones de emergencia de la organización internacional del trabajo. 1. La hegemonía inestable en la paz de Versalles - 2. La OIT en el nuevo sistema internacional: esquema de congruencia --PARTE SEGUNDA: La OIT ante la guerra fría y el proceso de descolonización. 1. El conflicto de los sistemas sociales: congruencia y perturbaciones de la guerra fría - 2. La estabilidad ideológica en el régimen sociolaboral: argumentos y pretensiones - 3. Problemas, debates y administración del régimen sociolaboral - 4. El problema de la descolonización y las normas sociolaborales -- PARTE TERCERA: Régimen internacional del trabajo y el desafío del desarrollo económico - 1. La OIT ante la problemática del desarrollo económico y social - 2. La formación de la agenda sociolaboral - 3. Nacionalismo y universalismo en la OIT: a propósito del desarrollo - 4. La asistencia técnica: condiciones y procedimientos - 5. La pulsión regionalista y sus pretensiones - 6. La OIT en el inicio de la crisis económica internacional --CUARTA PARTE: El régimen sociolaboral de la OIT y las empresas multinacionales. 1. Estructura e influencias económicas en el sistema internacional - 2. La constitución del "cuarto actor" en el régimen sociolaboral - 3. Las evasiones del poder económico y la institucionalización de los nuevos actores - 4. El "cuarto actor" en la agenda sociolaboral - 5. Globalización y disipación del régimen internacional de la OIT
041 _aspa
942 _cBK
590 _aniveau_biblio:m niveau_hierar:0
100 1 _aFernández Pardo, Carlos Alberto
856 4 1 _uhttps://biblioeco.unsa.edu.ar/pmb/images/libros/L126368.jpg
_yImagen de portada
_qimage/jpeg
999 _c3375
_d3375